000 01896cam a22003854a 4500
999 _c128064
_d128064
001 12798543
005 20180903090303.0
008 020601s2003 enk b 001 0 eng
010 _a 2002072752
015 _aGBA2-Z6118
020 _a0415111927
020 _a0415111935 (pbk.)
035 _a(OCoLC)ocm48753905
040 _aDLC
_cDLC
_dDLC
042 _apcc
050 0 0 _aB1854
_b.H38 2003
082 0 0 _a194
_221
084 _a08.24
_2bcl
100 1 _aHatfield, Gary C.
_q(Gary Carl)
_96413
245 1 0 _aRoutledge philosophy guidebook to Descartes and the meditations /
_cGary Hatfield.
246 3 0 _aDescartes and The meditations
260 _aLondon ;
_aNew York :
_bRoutledge,
_c2003.
300 _axxi, 353 p. ;
_c21 cm.
440 0 _aRoutledge philosophy guidebooks
_941879
504 _aIncludes bibliographical references (p. 343-344) and index.
505 0 0 _g1.
_tDescartes' project --
_g2.
_tReading the Meditations --
_g3.
_tWithdrawing the mind from the senses --
_g4.
_tDiscovering the nature of mind --
_g5.
_tTruth, God, and the circle --
_g6.
_tJudgment, error, and freedom --
_g7.
_tMatter, God, and the circle again --
_g8.
_tThe natural world and the mind-body relation --
_g9.
_tThe new science : physics, physiology, and the passions --
_g10.
_tLegacy and contribution.
600 1 0 _aDescartes, René,
_d1596-1650.
_tMeditationes de prima philosophia.
_96777
650 0 _aFirst philosophy.
_96778
650 0 _aMetaphysics.
_941880
650 0 _aGod
_xProof, Ontological.
_918558
700 1 _aDescartes, René,
_d1596-1650.
_94894
856 4 2 _3Publisher description
_uhttp://www.loc.gov/catdir/enhancements/fy0702/2002072752-d.html
906 _a7
_bcbc
_corignew
_d1
_eocip
_f20
_gy-gencatlg
942 _2lcc
_cMONOGRAPH